[Event "European Rapid Championship 2021"]
[Site "Katowice"]
[Date "2021.12.19"]
[Round "11.10"]
[White "Kulon, Klaudia"]
[Black "Krzywda, Andrzej"]
[Result "1/2-1/2"]
[WhiteElo "2328"]
[BlackElo "2123"]
[Annotator "NA"]
[PlyCount "79"]
[EventDate "2021.12.18"]
[EventType "swiss"]
[EventCountry "POL"]
[SourceTitle "playchess.com"]
[Source "ChessBase"]
[SourceQuality "1"]
[TimeControl "900+10"]

1. c4 {[%emt 0:00:02]} c5 {[%emt 0:00:01]} 2. g3 {[%emt 0:00:02]} g6 {[%emt 0:
00:02]} 3. Bg2 {[%emt 0:00:02]} Bg7 {[%emt 0:00:02]} 4. Nc3 {[%emt 0:00:01]}
Nc6 {[%emt 0:00:03]} 5. a3 {[%emt 0:00:50]} d6 {[%emt 0:00:30]} 6. Rb1 {
[%emt 0:00:08]} a5 {[%emt 0:00:19]} 7. e3 {[%emt 0:00:13]} e5 {[%emt 0:00:19]}
8. d3 {[%emt 0:00:18]} Nge7 {[%emt 0:00:03]} 9. h3 {[%emt 0:00:09]} O-O {
[%emt 0:00:04]} 10. Nge2 {[%emt 0:00:01]} Rb8 {[%emt 0:00:06]} 11. O-O {
[%emt 0:00:22]} Be6 {[%emt 0:00:15]} 12. Nd5 {[%emt 0:00:42]} b5 {[%emt 0:00:
03]} 13. b3 {[%emt 0:00:24]} Qd7 {[%emt 0:01:06]} 14. Kh2 {[%emt 0:00:02]} bxc4
{[%emt 0:01:15]} 15. dxc4 {[%emt 0:00:03]} a4 {[%emt 0:00:41]} 16. Bd2 {
[%emt 0:02:08]} axb3 {[%emt 0:00:37]} 17. Rxb3 {[%emt 0:00:02]} Qa7 {[%emt 0:
01:07]} 18. Nec3 {[%emt 0:01:07]} Rxb3 {[%emt 0:01:24]} 19. Qxb3 {[%emt 0:00:
02]} Rb8 {[%emt 0:00:03]} 20. Nb5 {[%emt 0:00:31]} Qd7 {[%emt 0:02:06]} 21. a4
{[%emt 0:00:37]} e4 {[%emt 0:01:59]} 22. Bxe4 {[%emt 0:03:10]} Bxh3 {[%emt 0:
00:43]} 23. Rb1 {[%emt 0:00:41]} Bf5 {[%emt 0:01:34]} 24. Nxe7+ {[%emt 0:02:18]
} Nxe7 {[%emt 0:00:04]} 25. Qd3 {[%emt 0:00:18]} h5 {[%emt 0:01:45]} 26. Rd1 {
[%emt 0:00:41]} Bxe4 {[%emt 0:01:30]} 27. Qxe4 {[%emt 0:00:01]} Re8 {[%emt 0:
00:08]} 28. Be1 {[%emt 0:00:38]} Nf5 {[%emt 0:00:14]} 29. Qd5 {[%emt 0:00:14]}
h4 {[%emt 0:00:34]} 30. gxh4 {[%emt 0:02:38]} Be5+ {[%emt 0:00:08]} 31. Kg1 {
[%emt 0:00:19]} Nxh4 {[%emt 0:00:05]} 32. Kf1 {[%emt 0:00:20]} Qg4 {[%emt 0:00:
29]} 33. Bc3 {[%emt 0:00:39]} Nf3 {[%emt 0:00:36]} 34. a5 {[%emt 0:00:20]} Nh2+
{[%emt 0:00:21]} 35. Ke1 {[%emt 0:00:01]} Nf3+ {[%emt 0:00:13]} 36. Kf1 {
[%emt 0:00:01]} Nh2+ {[%emt 0:00:09]} 37. Ke1 {[%emt 0:00:00]} Nf3+ {[%emt 0:
00:17]} 38. Kf1 {[%emt 0:00:01]} Nh2+ {[%emt 0:00:05]} 39. Ke1 Bxc3+ 40. Nxc3
1/2-1/2

[Event "European Rapid Championship 2021"]
[Site "Katowice"]
[Date "2021.12.19"]
[Round "11.10"]
[White "Kowalski, Igor"]
[Black "Stefansson, Hannes"]
[Result "0-1"]
[WhiteElo "2295"]
[BlackElo "2519"]
[Annotator "ChessBase"]
[PlyCount "66"]
[EventDate "2021.12.18"]
[EventType "swiss"]
[EventCountry "POL"]
[SourceTitle "playchess.com"]
[Source "ChessBase"]
[SourceQuality "1"]
[TimeControl "900+10"]

1. d4 {[%emt 0:00:01]} Nf6 {[%emt 0:00:02]} 2. Nf3 {[%emt 0:00:02]} b6 {
[%emt 0:00:03]} 3. g3 {[%emt 0:00:01]} Bb7 {[%emt 0:00:04]} 4. Bg2 {[%emt 0:00:
02]} c5 {[%emt 0:00:12]} 5. dxc5 {[%emt 0:00:11]} bxc5 {[%emt 0:00:02]} 6. O-O
{[%emt 0:00:02]} g6 {[%emt 0:00:19]} 7. b3 {[%emt 0:00:01]} Bg7 {[%emt 0:00:02]
} 8. Bb2 {[%emt 0:00:02]} O-O {[%emt 0:00:02]} 9. c4 {[%emt 0:00:02]} d6 {
[%emt 0:00:02]} 10. Nc3 {[%emt 0:00:07]} Nbd7 {[%emt 0:00:13]} 11. Qc2 {
[%emt 0:00:05]} Qb6 {[%emt 0:00:19]} 12. Ne1 {[%emt 0:00:32]} Bxg2 {[%emt 0:00:
23]} 13. Nxg2 {[%emt 0:00:02]} e6 {[%emt 0:00:24]} 14. Rad1 {[%emt 0:00:14]}
Rad8 {[%emt 0:00:17]} 15. Rd2 {[%emt 0:02:06]} Qc6 {[%emt 0:00:02]} 16. Rfd1 {
[%emt 0:00:03]} Nb6 {[%emt 0:00:01]} 17. e4 {[%emt 0:01:34]} Rd7 {[%emt 0:00:
02]} 18. a4 {[%emt 0:00:48]} Rfd8 {[%emt 0:00:18]} 19. Ne3 {[%emt 0:00:47]} Na8
{[%emt 0:00:29]} 20. f4 {[%emt 0:02:35]} Nc7 {[%emt 0:00:19]} 21. Kf2 {[%emt 0:
03:52]} Na6 {[%emt 0:00:15]} 22. g4 {[%emt 0:00:50]} Nb4 {[%emt 0:00:07]} 23.
Qb1 {[%emt 0:00:01]} Ne8 {[%emt 0:01:00]} 24. Ne2 {[%emt 0:00:33]} Bxb2 {
[%emt 0:00:09]} 25. Rxb2 {[%emt 0:00:01]} d5 {[%emt 0:00:10]} 26. cxd5 {
[%emt 0:00:55]} exd5 {[%emt 0:00:01]} 27. exd5 {[%emt 0:00:47]} Nxd5 {[%emt 0:
00:02]} 28. Nc4 {[%emt 0:01:47]} Nxf4 {[%emt 0:00:28]} 29. Rxd7 {[%emt 0:00:01]
} Qg2+ {[%emt 0:00:37]} 30. Ke3 {[%emt 0:00:01]} Rxd7 {[%emt 0:00:19]} 31. Kxf4
{[%emt 0:00:10]} Qf2+ {[%emt 0:00:36]} 32. Ke5 {[%emt 0:00:37]} Nf6 {[%emt 0:
01:46]} 33. Nd6 {[%emt 0:01:13]} Re7# 0-1

[Event "European Rapid Championship 2021"]
[Site "Katowice"]
[Date "2021.12.19"]
[Round "11.11"]
[White "Fus, Jakub"]
[Black "Schneider, Ilja"]
[Result "1-0"]
[WhiteElo "2252"]
[BlackElo "2490"]
[Annotator "ChessBase"]
[PlyCount "73"]
[EventDate "2021.12.18"]
[EventType "swiss"]
[EventCountry "POL"]
[SourceTitle "playchess.com"]
[Source "ChessBase"]
[SourceQuality "1"]
[TimeControl "900+10"]

1. e4 {[%emt 0:00:01]} e5 {[%emt 0:00:02]} 2. Nf3 {[%emt 0:00:02]} d6 {[%emt 0:
00:00]} 3. d4 {[%emt 0:00:11]} exd4 4. Nxd4 {[%emt 0:00:01]} Nf6 {[%emt 0:00:
02]} 5. Nc3 {[%emt 0:00:01]} Be7 {[%emt 0:00:01]} 6. Qf3 {[%emt 0:00:16]} O-O {
[%emt 0:00:23]} 7. Bd3 {[%emt 0:00:06]} Re8 {[%emt 0:00:19]} 8. O-O {[%emt 0:
00:05]} c6 {[%emt 0:01:15]} 9. h3 {[%emt 0:00:48]} Bf8 {[%emt 0:01:00]} 10. Bg5
{[%emt 0:00:18]} Nbd7 {[%emt 0:00:01]} 11. Qg3 {[%emt 0:01:07]} Ne5 {[%emt 0:
01:00]} 12. Rae1 {[%emt 0:01:03]} Be7 {[%emt 0:02:36]} 13. Bc1 {[%emt 0:00:53]}
Bf8 {[%emt 0:00:27]} 14. Bg5 {[%emt 0:00:55]} Be7 {[%emt 0:00:59]} 15. Qe3 {
[%emt 0:02:09]} h6 {[%emt 0:01:14]} 16. Bh4 {[%emt 0:00:52]} Nfg4 {[%emt 0:00:
11]} 17. Bxe7 {[%emt 0:02:19]} Nxe3 {[%emt 0:00:01]} 18. Bxd8 {[%emt 0:00:02]}
Nxf1 {[%emt 0:00:03]} 19. Bc7 {[%emt 0:00:01]} Nd2 {[%emt 0:00:01]} 20. f4 {
[%emt 0:00:27]} c5 {[%emt 0:00:59]} 21. fxe5 {[%emt 0:00:44]} cxd4 {[%emt 0:00:
02]} 22. Nd5 {[%emt 0:00:01]} dxe5 {[%emt 0:01:15]} 23. Ba5 {[%emt 0:00:01]}
Be6 {[%emt 0:00:46]} 24. Bxd2 {[%emt 0:00:03]} Rac8 {[%emt 0:00:10]} 25. c4 {
[%emt 0:00:28]} dxc3 {[%emt 0:00:08]} 26. Bxc3 {[%emt 0:00:02]} f6 {[%emt 0:01:
08]} 27. Bb5 {[%emt 0:00:14]} Bxd5 {[%emt 0:00:31]} 28. Bxe8 {[%emt 0:00:10]}
Bxa2 {[%emt 0:00:04]} 29. Bg6 {[%emt 0:00:24]} Bf7 {[%emt 0:00:08]} 30. Bxf7+ {
[%emt 0:00:08]} Kxf7 {[%emt 0:00:01]} 31. Rd1 {[%emt 0:00:03]} Ke6 {[%emt 0:00:
01]} 32. Kf2 {[%emt 0:00:03]} Rc4 {[%emt 0:00:32]} 33. Ke3 {[%emt 0:00:05]} b5
{[%emt 0:00:07]} 34. Ra1 {[%emt 0:00:54]} b4 {[%emt 0:00:05]} 35. Ra6+ {
[%emt 0:00:02]} Kf7 {[%emt 0:00:01]} 36. Rxa7+ {[%emt 0:00:04]} Kg6 {[%emt 0:
00:01]} 37. Ra4 {[%emt 0:00:09]} 1-0

[Event "European Rapid Championship 2021"]
[Site "Katowice"]
[Date "2021.12.19"]
[Round "11.11"]
[White "Kos, Pawel"]
[Black "Lewtak, Dominik"]
[Result "1-0"]
[WhiteElo "2199"]
[BlackElo "2165"]
[Annotator "NA"]
[PlyCount "71"]
[EventDate "2021.12.18"]
[EventType "swiss"]
[EventCountry "POL"]
[SourceTitle "playchess.com"]
[Source "ChessBase"]
[SourceQuality "1"]
[TimeControl "900+10"]

1. Nf3 {[%emt 0:00:02]} Nf6 {[%emt 0:00:04]} 2. g3 {[%emt 0:00:02]} d5 {
[%emt 0:00:05]} 3. Bg2 {[%emt 0:00:02]} e6 {[%emt 0:00:02]} 4. O-O {[%emt 0:00:
04]} c5 {[%emt 0:00:07]} 5. d4 {[%emt 0:00:02]} Nc6 {[%emt 0:00:03]} 6. a3 {
[%emt 0:00:21]} c4 {[%emt 0:00:58]} 7. b3 {[%emt 0:00:49]} b5 {[%emt 0:00:17]}
8. a4 {[%emt 0:00:23]} Ba6 {[%emt 0:01:10]} 9. axb5 {[%emt 0:00:34]} Bxb5 {
[%emt 0:00:02]} 10. Nc3 {[%emt 0:00:46]} a6 {[%emt 0:00:12]} 11. Ne5 {[%emt 0:
03:12]} Nxe5 {[%emt 0:00:30]} 12. dxe5 {[%emt 0:00:01]} Nd7 {[%emt 0:00:01]}
13. e4 {[%emt 0:02:16]} cxb3 {[%emt 0:00:39]} 14. Nxb5 {[%emt 0:00:36]} bxc2 {
[%emt 0:00:22]} 15. Qxc2 {[%emt 0:00:33]} axb5 {[%emt 0:00:02]} 16. Rxa8 {
[%emt 0:00:06]} Qxa8 {[%emt 0:00:02]} 17. exd5 {[%emt 0:00:02]} exd5 {[%emt 0:
00:13]} 18. Qb3 {[%emt 0:00:41]} Qa4 {[%emt 0:06:49]} 19. Qxd5 {[%emt 0:00:19]}
Be7 {[%emt 0:00:02]} 20. Bb2 {[%emt 0:01:38]} Nb8 {[%emt 0:02:06]} 21. Qb7 {
[%emt 0:01:06]} O-O {[%emt 0:00:53]} 22. Qxe7 {[%emt 0:00:07]} Qb3 {[%emt 0:00:
01]} 23. Ba3 {[%emt 0:00:59]} Rc8 {[%emt 0:00:01]} 24. Bh3 {[%emt 0:00:45]} Nc6
{[%emt 0:00:36]} 25. Qd6 {[%emt 0:00:19]} Rd8 {[%emt 0:00:26]} 26. Qxc6 {
[%emt 0:00:05]} Qxa3 {[%emt 0:00:03]} 27. Qxb5 {[%emt 0:00:02]} h5 {[%emt 0:00:
04]} 28. e6 {[%emt 0:00:38]} h4 {[%emt 0:00:13]} 29. exf7+ {[%emt 0:00:14]}
Kxf7 {[%emt 0:00:02]} 30. Qh5+ {[%emt 0:00:03]} Kg8 {[%emt 0:00:03]} 31. Qxh4 {
[%emt 0:00:03]} Qd3 {[%emt 0:00:05]} 32. Be6+ {[%emt 0:00:20]} Kf8 {[%emt 0:00:
10]} 33. Qf4+ {[%emt 0:00:18]} Ke7 {[%emt 0:00:01]} 34. Qf7+ {[%emt 0:00:04]}
Kd6 {[%emt 0:00:02]} 35. Bg4 {[%emt 0:00:29]} Kc5 {[%emt 0:00:10]} 36. Rd1 {
[%emt 0:00:32]} 1-0

[Event "European Rapid Championship 2021"]
[Site "Katowice"]
[Date "2021.12.19"]
[Round "11.12"]
[White "Grabarczyk, Miroslaw"]
[Black "Vetoshko, Volodymyr"]
[Result "1-0"]
[WhiteElo "2373"]
[BlackElo "2483"]
[Annotator "ChessBase"]
[PlyCount "191"]
[EventDate "2021.12.18"]
[EventType "swiss"]
[EventCountry "POL"]
[SourceTitle "playchess.com"]
[Source "ChessBase"]
[SourceQuality "1"]
[TimeControl "900+10"]

1. d4 {[%emt 0:00:02]} d5 {[%emt 0:00:08]} 2. c4 {[%emt 0:00:02]} e6 {[%emt 0:
00:01]} 3. Nf3 {[%emt 0:00:02]} a6 {[%emt 0:00:15]} 4. cxd5 {[%emt 0:00:14]}
exd5 {[%emt 0:00:02]} 5. Nc3 {[%emt 0:00:02]} Nf6 {[%emt 0:00:02]} 6. Bg5 {
[%emt 0:00:07]} Be6 {[%emt 0:00:00]} 7. e3 {[%emt 0:00:04]} Nbd7 {[%emt 0:00:
02]} 8. Bd3 {[%emt 0:00:12]} Bd6 {[%emt 0:00:01]} 9. Bh4 {[%emt 0:00:03]} h6 {
[%emt 0:00:12]} 10. Bg3 {[%emt 0:00:03]} Bxg3 {[%emt 0:01:46]} 11. hxg3 {
[%emt 0:00:02]} O-O {[%emt 0:01:19]} 12. Qc2 {[%emt 0:00:38]} Re8 {[%emt 0:00:
12]} 13. a3 {[%emt 0:00:33]} b6 {[%emt 0:00:42]} 14. b4 {[%emt 0:00:31]} Bg4 {
[%emt 0:00:53]} 15. O-O {[%emt 0:00:30]} Bxf3 {[%emt 0:00:37]} 16. gxf3 {
[%emt 0:00:02]} c5 {[%emt 0:00:00]} 17. bxc5 {[%emt 0:00:10]} bxc5 {[%emt 0:00:
01]} 18. dxc5 {[%emt 0:00:02]} Nxc5 {[%emt 0:00:01]} 19. Ne2 {[%emt 0:00:11]}
Ne6 {[%emt 0:00:57]} 20. Rac1 {[%emt 0:00:31]} Qd6 {[%emt 0:00:50]} 21. Qc3 {
[%emt 0:01:38]} Ng5 {[%emt 0:00:37]} 22. Kg2 {[%emt 0:00:26]} Qd7 {[%emt 0:00:
48]} 23. Rh1 {[%emt 0:01:18]} Rac8 {[%emt 0:01:13]} 24. Qb4 {[%emt 0:01:11]}
Rb8 {[%emt 0:00:51]} 25. Qf4 {[%emt 0:00:52]} Rb3 {[%emt 0:00:45]} 26. Bf5 {
[%emt 0:00:53]} Ne6 {[%emt 0:01:39]} 27. Bxe6 {[%emt 0:01:39]} fxe6 {[%emt 0:
00:03]} 28. Qe5 {[%emt 0:00:07]} Rb7 {[%emt 0:00:36]} 29. Nd4 {[%emt 0:00:49]}
Qf7 {[%emt 0:00:21]} 30. Rc6 {[%emt 0:00:17]} Nd7 {[%emt 0:00:30]} 31. Qh5 {
[%emt 0:02:54]} Nb8 {[%emt 0:02:07]} 32. Rd6 {[%emt 0:00:02]} a5 {[%emt 0:01:
08]} 33. Qh3 {[%emt 0:00:35]} Rbe7 {[%emt 0:00:15]} 34. Rb1 {[%emt 0:00:14]}
Qg6 {[%emt 0:00:39]} 35. Rbb6 {[%emt 0:00:11]} Nd7 {[%emt 0:00:01]} 36. Rxe6 {
[%emt 0:00:25]} Rxe6 {[%emt 0:00:01]} 37. Rxe6 {[%emt 0:00:05]} Rxe6 {[%emt 0:
00:01]} 38. Qxe6+ {[%emt 0:00:12]} Qxe6 {[%emt 0:00:02]} 39. Nxe6 {[%emt 0:00:
01]} Nb6 {[%emt 0:00:23]} 40. Nc5 {[%emt 0:01:25]} Kf7 {[%emt 0:00:25]} 41. Kf1
{[%emt 0:00:04]} Ke7 {[%emt 0:00:18]} 42. Ke2 {[%emt 0:00:01]} a4 {[%emt 0:01:
08]} 43. Kd3 {[%emt 0:00:15]} Kd6 {[%emt 0:00:09]} 44. Kd4 {[%emt 0:00:02]} Nc4
{[%emt 0:00:01]} 45. Nxa4 {[%emt 0:00:02]} Nxa3 {[%emt 0:00:00]} 46. Nc3 {
[%emt 0:00:07]} Nc2+ {[%emt 0:00:03]} 47. Kd3 {[%emt 0:00:03]} Nb4+ {[%emt 0:
00:03]} 48. Kd2 {[%emt 0:00:04]} Kc5 {[%emt 0:00:33]} 49. Ne2 {[%emt 0:00:04]}
Nc6 {[%emt 0:00:05]} 50. Kc3 {[%emt 0:00:04]} Ne5 {[%emt 0:00:22]} 51. Nd4 {
[%emt 0:00:05]} g6 {[%emt 0:00:04]} 52. Kd2 {[%emt 0:00:59]} Kd6 {[%emt 0:00:
03]} 53. f4 {[%emt 0:00:12]} Ng4 {[%emt 0:00:07]} 54. Ke2 {[%emt 0:00:02]} Nf6
{[%emt 0:00:11]} 55. Nf3 {[%emt 0:00:06]} Ke6 {[%emt 0:00:18]} 56. Nd4+ {
[%emt 0:00:05]} Kd6 {[%emt 0:00:00]} 57. Kf3 {[%emt 0:00:08]} Ne4 {[%emt 0:00:
19]} 58. Kg2 {[%emt 0:00:02]} Nf6 {[%emt 0:00:05]} 59. Nf3 {[%emt 0:00:20]} Ke6
{[%emt 0:00:05]} 60. Nd4+ {[%emt 0:00:08]} Kd6 {[%emt 0:00:01]} 61. Kf3 {
[%emt 0:00:01]} Ne4 {[%emt 0:00:03]} 62. Kg2 {[%emt 0:00:48]} Nf6 {[%emt 0:00:
04]} 63. Kh3 {[%emt 0:00:08]} Ne4 {[%emt 0:00:09]} 64. Kg2 {[%emt 0:00:11]} Nf6
{[%emt 0:00:02]} 65. f3 {[%emt 0:00:04]} Ke7 {[%emt 0:00:37]} 66. g4 Kd6 {
[%emt 0:00:18]} 67. Kg3 {[%emt 0:00:20]} Ke7 {[%emt 0:00:03]} 68. Nc6+ {
[%emt 0:00:10]} Ke6 {[%emt 0:00:01]} 69. Ne5 {[%emt 0:01:11]} g5 70. Nc6 {
[%emt 0:00:02]} Ne8 {[%emt 0:00:49]} 71. Nd4+ {[%emt 0:00:27]} Kf6 {[%emt 0:00:
02]} 72. Nb5 {[%emt 0:00:04]} Ke6 {[%emt 0:00:15]} 73. Kf2 {[%emt 0:00:15]}
gxf4 {[%emt 0:00:09]} 74. exf4 {[%emt 0:00:01]} Kf6 {[%emt 0:00:23]} 75. Kg3 {
[%emt 0:00:22]} Ng7 {[%emt 0:00:12]} 76. Nd4 {[%emt 0:00:11]} Kg6 {[%emt 0:00:
07]} 77. f5+ {[%emt 0:00:23]} Kf6 {[%emt 0:00:03]} 78. f4 {[%emt 0:00:05]} Ne8
{[%emt 0:00:06]} 79. Kh4 {[%emt 0:00:05]} Nd6 {[%emt 0:00:12]} 80. Kh5 {
[%emt 0:00:07]} Kg7 {[%emt 0:00:19]} 81. Ne6+ {[%emt 0:00:25]} Kf6 {[%emt 0:00:
01]} 82. Nd4 {[%emt 0:00:15]} Kg7 {[%emt 0:00:00]} 83. g5 {[%emt 0:00:18]} hxg5
{[%emt 0:00:15]} 84. fxg5 {[%emt 0:00:01]} Ne4 {[%emt 0:00:01]} 85. Kg4 {
[%emt 0:00:05]} Nf2+ {[%emt 0:00:04]} 86. Kg3 {[%emt 0:00:09]} Ne4+ {[%emt 0:
00:20]} 87. Kf4 {[%emt 0:00:01]} Kf7 {[%emt 0:00:06]} 88. Nf3 {[%emt 0:00:13]}
Kg7 {[%emt 0:00:31]} 89. Ke5 {[%emt 0:00:04]} Ng3 {[%emt 0:00:12]} 90. Ke6 {
[%emt 0:00:20]} Ne4 {[%emt 0:00:13]} 91. Kxd5 {[%emt 0:00:11]} Ng3 {[%emt 0:00:
09]} 92. Ke5 {[%emt 0:00:06]} Nh5 {[%emt 0:00:06]} 93. Nd4 {[%emt 0:00:10]} Kf7
{[%emt 0:00:11]} 94. Ne6 {[%emt 0:00:03]} Ke7 {[%emt 0:00:07]} 95. Nf4 {
[%emt 0:00:21]} Ng3 {[%emt 0:00:00]} 96. g6 {[%emt 0:00:06]} 1-0

[Event "European Rapid Championship 2021"]
[Site "Katowice"]
[Date "2021.12.19"]
[Round "11.12"]
[White "Jonsson, Gauti Pall"]
[Black "Danielyan, Vahe"]
[Result "0-1"]
[WhiteElo "2014"]
[BlackElo "2198"]
[Annotator "NA"]
[PlyCount "68"]
[EventDate "2021.12.18"]
[EventType "swiss"]
[EventCountry "POL"]
[SourceTitle "playchess.com"]
[Source "ChessBase"]
[SourceQuality "1"]
[TimeControl "900+10"]

1. Nf3 {[%emt 0:00:01]} g6 {[%emt 0:00:23]} 2. e4 {[%emt 0:00:05]} Bg7 {
[%emt 0:00:04]} 3. d4 {[%emt 0:00:04]} d6 {[%emt 0:00:01]} 4. Bc4 {[%emt 0:00:
11]} Nf6 {[%emt 0:00:02]} 5. Qe2 {[%emt 0:00:08]} O-O {[%emt 0:00:04]} 6. h3 {
[%emt 0:00:53]} c6 {[%emt 0:00:07]} 7. e5 {[%emt 0:00:17]} Nd5 {[%emt 0:00:02]}
8. O-O {[%emt 0:00:27]} Nd7 {[%emt 0:00:51]} 9. e6 {[%emt 0:00:42]} fxe6 {
[%emt 0:00:35]} 10. Qxe6+ {[%emt 0:01:55]} Kh8 {[%emt 0:00:02]} 11. Qe2 {
[%emt 0:01:21]} N7f6 {[%emt 0:00:16]} 12. Bb3 {[%emt 0:00:51]} Nh5 {[%emt 0:00:
06]} 13. Bxd5 {[%emt 0:00:32]} cxd5 {[%emt 0:00:02]} 14. Bg5 {[%emt 0:00:03]}
Rf7 {[%emt 0:00:08]} 15. Nc3 {[%emt 0:00:11]} Qa5 {[%emt 0:00:48]} 16. Bxe7 {
[%emt 0:01:01]} Nf4 {[%emt 0:00:05]} 17. Qe3 {[%emt 0:00:17]} Bxh3 {[%emt 0:01:
44]} 18. Ng5 {[%emt 0:00:34]} Rxe7 {[%emt 0:00:48]} 19. Qxe7 {[%emt 0:00:10]}
Bxg2 {[%emt 0:00:19]} 20. Rfe1 {[%emt 0:00:39]} Rf8 {[%emt 0:00:07]} 21. Ne6 {
[%emt 0:00:33]} Nxe6 {[%emt 0:00:14]} 22. Rxe6 {[%emt 0:00:24]} Bf3 {[%emt 0:
00:18]} 23. Rxd6 {[%emt 0:00:40]} Qb4 {[%emt 0:00:22]} 24. Re1 {[%emt 0:02:09]}
Qxd4 {[%emt 0:00:09]} 25. Ne4 {[%emt 0:00:33]} Bxe4 {[%emt 0:00:22]} 26. Qh4 {
[%emt 0:00:36]} Bxc2 {[%emt 0:00:37]} 27. Qg3 {[%emt 0:00:52]} Be4 {[%emt 0:00:
15]} 28. Re6 {[%emt 0:00:13]} Qxb2 {[%emt 0:00:04]} 29. Re7 {[%emt 0:00:54]}
Qf6 {[%emt 0:00:05]} 30. Rxb7 {[%emt 0:00:07]} h5 {[%emt 0:00:05]} 31. Rxa7 {
[%emt 0:01:00]} h4 {[%emt 0:00:03]} 32. Qe3 {[%emt 0:00:16]} Qf5 {[%emt 0:00:
24]} 33. f3 {[%emt 0:00:31]} Bxf3 {[%emt 0:00:10]} 34. Kh2 {[%emt 0:00:09]} Be4
{[%emt 0:00:07]} 0-1

[Event "European Rapid Championship 2021"]
[Site "Katowice"]
[Date "2021.12.19"]
[Round "11.13"]
[White "Mis, Mieszko"]
[Black "Dragnev, Valentin"]
[Result "1-0"]
[WhiteElo "2237"]
[BlackElo "2409"]
[Annotator "NA"]
[PlyCount "75"]
[EventDate "2021.12.18"]
[EventType "swiss"]
[EventCountry "POL"]
[SourceTitle "playchess.com"]
[Source "ChessBase"]
[SourceQuality "1"]
[TimeControl "900+10"]

1. d4 {[%emt 0:00:03]} Nf6 {[%emt 0:00:01]} 2. c4 {[%emt 0:00:02]} g6 {[%emt 0:
00:05]} 3. Nc3 {[%emt 0:00:12]} d5 {[%emt 0:00:01]} 4. Nf3 {[%emt 0:00:28]} Bg7
{[%emt 0:00:02]} 5. cxd5 {[%emt 0:00:25]} Nxd5 {[%emt 0:00:02]} 6. e4 {[%emt 0:
00:01]} Nxc3 {[%emt 0:00:02]} 7. bxc3 {[%emt 0:00:01]} c5 {[%emt 0:00:04]} 8.
Bb5+ {[%emt 0:00:01]} Nd7 {[%emt 0:00:26]} 9. O-O {[%emt 0:00:04]} O-O {
[%emt 0:00:10]} 10. Re1 {[%emt 0:00:01]} a6 {[%emt 0:00:21]} 11. Bf1 {[%emt 0:
00:05]} b5 {[%emt 0:00:13]} 12. a4 {[%emt 0:00:08]} cxd4 {[%emt 0:01:37]} 13.
cxd4 {[%emt 0:00:13]} b4 {[%emt 0:00:04]} 14. a5 {[%emt 0:01:07]} e5 {[%emt 0:
00:50]} 15. d5 {[%emt 0:01:25]} Rb8 {[%emt 0:00:11]} 16. Be3 {[%emt 0:01:08]}
Re8 {[%emt 0:02:46]} 17. Qb3 {[%emt 0:02:48]} Bf8 {[%emt 0:00:16]} 18. Rec1 {
[%emt 0:01:00]} Nf6 {[%emt 0:01:19]} 19. Ba7 {[%emt 0:02:03]} Ra8 {[%emt 0:00:
54]} 20. Bb6 {[%emt 0:00:17]} Qd7 {[%emt 0:00:03]} 21. Nd2 {[%emt 0:01:22]} Qg4
{[%emt 0:02:46]} 22. f3 {[%emt 0:00:29]} Qh5 {[%emt 0:00:02]} 23. Bf2 {[%emt 0:
01:37]} Bd7 {[%emt 0:00:13]} 24. Nc4 {[%emt 0:00:21]} Bb5 {[%emt 0:01:35]} 25.
Nb6 {[%emt 0:00:08]} Ra7 {[%emt 0:00:15]} 26. Bxb5 {[%emt 0:00:41]} axb5 {
[%emt 0:00:01]} 27. Bc5 {[%emt 0:00:25]} Bxc5+ 28. Rxc5 {[%emt 0:00:01]} Qg5 {
[%emt 0:01:29]} 29. d6 {[%emt 0:01:17]} Rf8 {[%emt 0:02:38]} 30. Rc7 {[%emt 0:
00:54]} Ra6 {[%emt 0:00:01]} 31. d7 {[%emt 0:00:13]} Kg7 {[%emt 0:00:18]} 32.
Rd1 {[%emt 0:00:49]} Rxa5 {[%emt 0:01:04]} 33. Qxb4 {[%emt 0:00:38]} Qe3+ {
[%emt 0:00:10]} 34. Kh1 {[%emt 0:00:01]} Raa8 {[%emt 0:00:39]} 35. Nxa8 {
[%emt 0:00:05]} Rxa8 {[%emt 0:00:01]} 36. Rc8 {[%emt 0:00:08]} Ng4 {[%emt 0:00:
20]} 37. Qf8+ {[%emt 0:00:06]} Kf6 {[%emt 0:00:00]} 38. d8=Q+ {[%emt 0:00:04]}
1-0

[Event "European Rapid Championship 2021"]
[Site "Katowice"]
[Date "2021.12.19"]
[Round "11.13"]
[White "Widelski, Kacper"]
[Black "Flasinski, Michal"]
[Result "0-1"]
[WhiteElo "1884"]
[BlackElo "2195"]
[Annotator "NA"]
[PlyCount "100"]
[EventDate "2021.12.18"]
[EventType "swiss"]
[EventCountry "POL"]
[SourceTitle "playchess.com"]
[Source "ChessBase"]
[SourceQuality "1"]
[TimeControl "900+10"]

1. e4 {[%emt 0:00:02]} c6 {[%emt 0:00:01]} 2. d4 {[%emt 0:00:07]} d5 {[%emt 0:
00:01]} 3. exd5 {[%emt 0:00:02]} cxd5 {[%emt 0:00:01]} 4. c4 {[%emt 0:00:02]}
Nf6 {[%emt 0:00:02]} 5. Nc3 {[%emt 0:00:01]} e6 {[%emt 0:00:01]} 6. Nf3 {
[%emt 0:00:05]} Bb4 {[%emt 0:00:02]} 7. c5 {[%emt 0:02:15]} O-O {[%emt 0:00:13]
} 8. Be2 {[%emt 0:00:56]} b6 {[%emt 0:00:06]} 9. cxb6 {[%emt 0:00:39]} Qxb6 {
[%emt 0:00:13]} 10. O-O {[%emt 0:00:22]} Ba6 {[%emt 0:00:23]} 11. a3 {[%emt 0:
02:48]} Bxc3 {[%emt 0:00:59]} 12. bxc3 {[%emt 0:00:02]} Ne4 {[%emt 0:00:05]}
13. Bxa6 {[%emt 0:01:10]} Qxa6 {[%emt 0:00:07]} 14. Bd2 {[%emt 0:00:59]} Nd7 {
[%emt 0:00:06]} 15. Ng5 {[%emt 0:01:26]} Nxg5 {[%emt 0:01:29]} 16. Bxg5 {
[%emt 0:00:02]} Rfc8 {[%emt 0:00:05]} 17. Qf3 {[%emt 0:00:56]} Rc4 {[%emt 0:00:
55]} 18. Be7 {[%emt 0:00:27]} Rac8 {[%emt 0:00:15]} 19. Bb4 {[%emt 0:00:29]}
Qa4 {[%emt 0:00:22]} 20. Qd1 {[%emt 0:01:18]} Nb6 {[%emt 0:01:53]} 21. Bc5 {
[%emt 0:00:33]} Qxd1 {[%emt 0:01:29]} 22. Rfxd1 {[%emt 0:00:14]} Na4 {[%emt 0:
00:44]} 23. Bxa7 {[%emt 0:00:33]} Nxc3 {[%emt 0:00:02]} 24. Rf1 {[%emt 0:00:44]
} Ra8 {[%emt 0:00:40]} 25. Bc5 {[%emt 0:00:34]} Ne2+ {[%emt 0:00:03]} 26. Kh1 {
[%emt 0:00:10]} Nxd4 {[%emt 0:00:03]} 27. Bxd4 {[%emt 0:00:48]} Rxd4 {[%emt 0:
00:02]} 28. Rfb1 {[%emt 0:00:12]} g5 {[%emt 0:00:24]} 29. h3 {[%emt 0:00:41]}
Kg7 {[%emt 0:00:15]} 30. Kh2 {[%emt 0:00:13]} h5 {[%emt 0:00:13]} 31. Rb7 {
[%emt 0:00:12]} Rda4 {[%emt 0:00:06]} 32. Rb3 {[%emt 0:00:50]} R8a7 {[%emt 0:
00:05]} 33. Kg3 {[%emt 0:00:11]} f5 {[%emt 0:00:05]} 34. Kf3 {[%emt 0:00:12]}
Kf6 {[%emt 0:00:04]} 35. Ke3 {[%emt 0:00:15]} f4+ {[%emt 0:00:08]} 36. Ke2 {
[%emt 0:00:07]} Kf5 {[%emt 0:00:11]} 37. Kd2 {[%emt 0:00:14]} g4 {[%emt 0:00:
42]} 38. Ke2 {[%emt 0:00:22]} e5 {[%emt 0:00:32]} 39. Kd2 {[%emt 0:00:11]} e4 {
[%emt 0:00:21]} 40. hxg4+ {[%emt 0:00:08]} hxg4 {[%emt 0:00:02]} 41. Rh1 {
[%emt 0:00:14]} Kg5 {[%emt 0:00:29]} 42. Ra1 {[%emt 0:00:08]} R7a5 {[%emt 0:00:
10]} 43. Ke2 {[%emt 0:00:02]} d4 {[%emt 0:00:10]} 44. Kd2 {[%emt 0:00:11]} Kf5
{[%emt 0:00:15]} 45. Ke2 {[%emt 0:00:06]} Ke5 {[%emt 0:00:06]} 46. Rh1 {
[%emt 0:00:26]} f3+ {[%emt 0:00:50]} 47. gxf3 {[%emt 0:00:02]} gxf3+ {[%emt 0:
00:03]} 48. Kd2 {[%emt 0:00:02]} Rxa3 {[%emt 0:00:36]} 49. Rh5+ {[%emt 0:00:03]
} Kf4 {[%emt 0:00:02]} 50. Rh4+ {[%emt 0:00:02]} Kf5 {[%emt 0:00:06]} 0-1